Loading...

Cromwell: our chief of men/

Bibliografiske detaljer
Hovedforfatter: Fraser, Antonia
Format: Printed Book
Sprog:English
Udgivet: Britain: Panther, 1975
LEADER 00519nam a22001577a 4500
003 OSt
005 20200624134521.0
008 151012b xxu||||| |||| 00| 0 eng d
082 |a 920.71 FRA/C 
100 |a Fraser, Antonia 
245 |a Cromwell:  |b our chief of men/  |c Antonia Fraser 
260 |a Britain:  |b Panther,  |c 1975 
300 |a 774p. 
942 |2 ddc  |c BK 
999 |c 322849  |d 322849 
952 |0 0  |1 0  |2 ddc  |4 0  |6 920_710000000000000_FRA_C  |7 0  |9 369304  |a CSC  |b CSC  |c ST1  |d 2015-10-12  |i 1795  |l 0  |o 920.71 FRA/C  |p CSC1795  |r 2015-10-12  |w 2015-10-12  |y BK